Conduction heat transfer. (Record no. 69611)

000 -LEADER
fixed length control field 00759cam a22002651 4500
001 - CONTROL NUMBER
control field 6519428
003 - CONTROL NUMBER IDENTIFIER
control field NUST - PNEC
005 - DATE AND TIME OF LATEST TRANSACTION
control field 20170116181122.0
008 - FIXED-LENGTH DATA ELEMENTS--GENERAL INFORMATION
fixed length control field 740925s1955 maua b 000 0 eng
010 ## - LIBRARY OF CONGRESS CONTROL NUMBER
LC control number 55005025
035 ## - SYSTEM CONTROL NUMBER
System control number (OCoLC)1021568
040 ## - CATALOGING SOURCE
Original cataloging agency DLC
Transcribing agency LIBRARY
Modifying agency OCoLC
-- DLC
042 ## - AUTHENTICATION CODE
Authentication code premarc
050 00 - LIBRARY OF CONGRESS CALL NUMBER
Classification number QC321
Item number .S37
082 ## - DEWEY DECIMAL CLASSIFICATION NUMBER
Classification number 536.2 SCH
100 1# - MAIN ENTRY--PERSONAL NAME
Personal name Schneider, Paul J.
245 10 - TITLE STATEMENT
Title Conduction heat transfer.
260 ## - PUBLICATION, DISTRIBUTION, ETC.
Place of publication, distribution, etc. Cambridge, Mass.,
Name of publisher, distributor, etc. Addison-Wesley Pub. Co.,
Date of publication, distribution, etc. c.1955
300 ## - PHYSICAL DESCRIPTION
Extent xi, 395 p.
Other physical details illus.
Dimensions 24 cm.
440 #0 - SERIES STATEMENT/ADDED ENTRY--TITLE
Title Addison-Wesley series in mechanical engineering
504 ## - BIBLIOGRAPHY, ETC. NOTE
Bibliography, etc. note Includes bibliographies.
650 #0 - SUBJECT ADDED ENTRY--TOPICAL TERM
Topical term or geographic name entry element Heat
General subdivision ME
906 ## - LOCAL DATA ELEMENT F, LDF (RLIN)
a 7
b cbc
c oclcrpl
d u
e ncip
f 19
g y-gencatlg
942 ## - ADDED ENTRY ELEMENTS (KOHA)
Source of classification or shelving scheme
Koha item type Book
Holdings
Withdrawn status Lost status Source of classification or shelving scheme Damaged status Not for loan Permanent Location Current Location Shelving location Date acquired Total Checkouts Full call number Barcode Date last seen Cost, replacement price Price effective from Koha item type
          Pakistan Navy Engineering College (PNEC) Pakistan Navy Engineering College (PNEC)       536.2 SCH PNECLIB-019119 10/05/2015 0.00 10/05/2015 Book
          Pakistan Navy Engineering College (PNEC) Pakistan Navy Engineering College (PNEC)       621.4022 SCH PNECLIB-019116 10/05/2015     Book
          Pakistan Navy Engineering College (PNEC) Pakistan Navy Engineering College (PNEC)       621.4022 SCH PNECLIB-019114 10/05/2015     Book
          Pakistan Navy Engineering College (PNEC) Pakistan Navy Engineering College (PNEC)       536.2 SCH PNECLIB-009115 10/06/2015     Book
          Pakistan Navy Engineering College (PNEC) Pakistan Navy Engineering College (PNEC)       536.2 SCH PNECLIB-019117 10/07/2015     Book
          Pakistan Navy Engineering College (PNEC) Pakistan Navy Engineering College (PNEC)       536.2 SCH PNECLIB-019118 10/16/2015     Book
© 2023 Central Library, National University of Sciences and Technology. All Rights Reserved.